000 01049nam a22002537a 4500
999 _c17395
_d17395
003 AR-CdUCM
008 190506b ||||| |||| 00| 0 spa d
040 _aMUNICIPALIDAD PROVINCIAL DEL CUSCO
_cBIBLIOTECA MUNICIPAL DEL CUSCO
041 _hita
082 _23ed.
_a108 /
_bV62
100 _aVico, Giambattista
_937384
245 _aPrincipios de una ciencia nueva sobre la naturaleza común de las naciones I :
_bdel establecimiento de los principios /
260 _aMadrid :
_bAguilar,
_c1964.
300 _a219 páginas ;
_c16 cm.
_bIlustraciones,
440 _aBiblioteca de iniciación filosófica ;
_n47
_937385
500 _aTitulo original : Principi di una scienza nuov a d´intorno alla comune natura delle nazioni
505 _aContenido : Del establecimiento de los principios -- Tabla cronológica...
650 _aOrigen de las lenguas
_936740
650 _aMoral poética
_936741
650 _aLógica poética
_936742
700 _aFuentes Benot, Manuel (Traducción)
_936743
942 _2ddc
_cLIBROS
945 _aacv
_d2019-05-08